|
|
|
|
| LEADER |
00000nam0a2200000 4500 |
| 001 |
156215 |
| 005 |
20231031152955.0 |
| 035 |
|
|
|a (RuTPU)RU\TPU\book\169427
|
| 090 |
|
|
|a 156215
|
| 100 |
|
|
|a 20090324d1958 d y0rusy50 ca
|
| 101 |
1 |
|
|a rus
|c pol
|
| 102 |
|
|
|a RU
|
| 105 |
|
|
|a a z 000ay
|
| 200 |
1 |
|
|a Пастух тысячи зайцев
|e сборник польских народных сказок
|e [для детей]
|f пер. с пол. Л. Пивоварова ; худож. Ф. Чмыхов
|
| 210 |
|
|
|a Чита
|c Читинское книжное издательство
|d 1958
|
| 215 |
|
|
|a 92 с.
|c ил.
|
| 610 |
1 |
|
|a польская литература
|
| 610 |
1 |
|
|a сказки
|
| 675 |
|
|
|a 89Д-6
|v 3
|
| 702 |
|
1 |
|a Пивоварова
|b Л.
|4 730
|
| 702 |
|
1 |
|a Чмыхов
|b Ф.
|4 440
|
| 801 |
|
1 |
|a RU
|b 63413507
|c 20090324
|g PSBO
|
| 942 |
|
|
|c BK
|